000 004460000a22001810004500
003 MACL
005 20150705160833.0
008 150705b xxu||||| |||| 00| 0 eng d
040 _aMACL
_cMACL
041 _aEnglish
082 _a370/BHA
100 _aBhattacharya, Asoke
_9948
245 _aEducation for the People
260 _aKolkata
_bKalyan Bharracharya
_c2009
350 _a600
650 _aEducation
_9149
942 _cBK
_k370/BHA
_2ddc
999 _c47832
_d47832